Statistics for Pokemon Protagonists

Click here to take the quiz!

General Stats

  • This quiz has been taken 28 times
  • The average score is 21 of 25

Answer Stats

HintAnswer% Correct
OR/ASMay
100%
R/S/EMay
100%
R/B/YRed
100%
FR/LGRed
100%
D/P/PDawn
96%
G/SEthan
96%
HG/SSEthan
96%
B/WHilda
92%
HG/SSLyra
92%
X/YSerena
92%
X/YCalem
88%
S/M US/UMElio
84%
B/WHilbert
84%
FR/LGLeaf
84%
D/P/PLucas
84%
S/M US/UMSelene
84%
CrystalKris
80%
B2/W2Nate
80%
B2/W2Rosa
80%
SW/SHVictor
80%
SW/SHGloria
76%
LG P/EElaine
72%
LG P/EChase
60%
OR/ASBrendon
52%
R/S/EBrendon
52%

Score Distribution

Percentile by Number Answered

Percent of People with Each Score

Your Score History

You have not taken this quiz